书目信息 |
| 书名: | 代谢与细胞工程导论 | |
| 作者: | (阿根廷)科他萨(Cortassa,S.)等. | |
| 分册号: | ||
| 分册名: | 出版地: | 北京 : |
|
| 出版社: | 科学出版社 | |
| 出版时间: | 2004. | |
| 页数: | 248 p. ; | |
| 开本: | 26cm. | |
| 丛书名: | ||
| 中图分类号: | ||
| 科图分类号: | ||
| 其他分类号: | Q591 | |
| 主题词: | ||
| 电子资源: | ||
| 000 | 00675nam 2200217 a 4500 | |
| 001 | E0732785255 | |
| 005 | 20070307091750.59 | |
| 008 | 070307s2004 00010 eng | |
| 020 | @a7-03-012364-6 :@cCNY32.00. | |
| 020 | @a981-02-4836-9. | |
| 040 | @aPFT@bchi | |
| 090 | @aQ591 | |
| 099 | @dQ591@ex4 | |
| 245 | @a代谢与细胞工程导论 :@ban introduction to METABOLIC AND CELLULAR ENGINEERING / @c(阿根廷)科他萨(Cortassa,S.)等. | |
| 246 | @aan introduction to METABOLIC AND CELLULAR ENGINEERING | |
| 250 | @a影印本. | |
| 260 | @a北京 :@b科学出版社,@c2004. | |
| 300 | @a248 p. ;@c26cm. | |
| 500 | @a国外生命科学优秀教材 | |
| 650 | @a代谢@x生物工程@x英文 | |
| 700 | @aCortassa,S | |
| 代谢与细胞工程导论 : : an introduction to METABOLIC AND CELLULAR ENGINEERING / / (阿根廷)科他萨(Cortassa,S.)等.-影印本.-北京 : : 科学出版社, , 2004. |
| 248 p. ; ; 26cm. |
| 国外生命科学优秀教材 |
| ISBN 7-03-012364-6 :CNY32.00. |
| ● |
| 相关链接 |
|
|
|
|
正题名:代谢与细胞工程导论
索取号:Q591/x4
 
预约/预借
| 序号 | 登录号 | 条形码 | 馆藏地/架位号 | 状态 | 备注 |
| 1 | 0000532 | 300005321 | 第二样本阅览室/ [索取号:Q591/x4] | 在馆 | |
| 2 | 0000533 | 300005330 | 第四借阅区/ [索取号:Q591/x4] | 在馆 | |
| 3 | 0000534 | 300005349 | 第四借阅区/ [索取号:Q591/x4] | 在馆 | |
| 4 | 0000535 | 300005358 | 第四借阅区/ [索取号:Q591/x4] | 在馆 | |
| 5 | 0000536 | 300005367 | 第四借阅区/ [索取号:Q591/x4] | 在馆 |